Stalingrad, станция метро: роман

書誌詳細
第一著者: Платова В. Е. Виктория Евгеньевна
要約:...Вот зеркало. Оно терпеть тебя не может, потому и говорит: уходи, лучше тебе на меня не смотреть. Вот люди. Они терпеть тебя не могут, потому и говорят: уходи, лучше тебе не портить пейзаж. Вот человек. Он знать тебя не знает, потому и не говорит с тобой. А если бы знал, то поступил бы так же, как зеркало. Как люди, в чьих пейзажах тебе не место. Но есть другие зеркала. И другие люди. И другой человек. Они непременно увидели бы главное в тебе. И это главное прекрасно. Это главное — редкий дар. Осталось лишь найти их, и это совсем не так сложно, как кажется на первый взгляд...
言語:ロシア語
出版事項: Москва, АСТ, 2008
主題:
フォーマット: MixedMaterials 図書
KOHA link:https://koha.lib.tpu.ru/cgi-bin/koha/opac-detail.pl?biblionumber=194845

MARC

LEADER 00000nam0a2200000 4500
001 194845
005 20231031182507.0
010 |a 9785170546763 
010 |a 978-5-271-21412-7 
010 |a 978-5-17-054674-9 
010 |a 978-5-271-21414-1 
035 |a (RuTPU)RU\TPU\book\212522 
090 |a 194845 
100 |a 20110425d2008 m y0rusy50 ca 
101 0 |a rus 
102 |a RU 
105 |a y z 000ay 
200 1 |a Stalingrad, станция метро  |e роман  |f В. Е. Платова 
210 |a Москва  |c АСТ  |c Астрель  |d 2008 
215 |a 444 с. 
330 |a ...Вот зеркало. Оно терпеть тебя не может, потому и говорит: уходи, лучше тебе на меня не смотреть. Вот люди. Они терпеть тебя не могут, потому и говорят: уходи, лучше тебе не портить пейзаж. Вот человек. Он знать тебя не знает, потому и не говорит с тобой. А если бы знал, то поступил бы так же, как зеркало. Как люди, в чьих пейзажах тебе не место. Но есть другие зеркала. И другие люди. И другой человек. Они непременно увидели бы главное в тебе. И это главное прекрасно. Это главное — редкий дар. Осталось лишь найти их, и это совсем не так сложно, как кажется на первый взгляд... 
610 1 |a русская литература 
610 1 |a романы 
610 1 |a любовь 
675 |a Р2  |v 3 
700 1 |a Платова  |b В. Е.  |g Виктория Евгеньевна 
801 1 |a RU  |b 63413507  |c 20110425 
801 2 |a RU  |b 63413507  |c 20110504  |g RCR 
942 |c BK